000 00621nmm a2200169Ia 4500
008 251105s9999||||xx |||||||||||||||||und||
020 _a1882528476
041 _aeng
100 _aStrzeszewski, Mary Ruth
245 4 _aThe Writer in the Landscape: Authorial Self-Representation and Literary Form in the Landscape Writings of "Unamuno" and "Azorín".
264 _a[Washington, Estados Unidos] :
_bScripta Humanistica,
_c2006
300 _a168 páginas
490 _aSpanish 19th and 20th Centuries Literature
650 _aSpanish literature
856 _uhttps://public.digitaliapublishing.com/a/301
942 _cCF
999 _c73020
_d73020